[Event "Rapid 2018"]
[Site "Saint-Petersburg"]
[Date "2018.12.28"]
[Round "13"]
[Board "53"]
[White "Vitiugov Nikita (RUS)"]
[Black "Vastrukhin Oleg (RUS)"]
[Result "1/2-1/2"]
[LiveChessVersion "1.4.8"]
[BlackElo "2495"]
[WhiteElo "2632"]

1. e4 {[%clk 0:15:09]} e6 {[%clk 0:15:08]} 2. d4 {[%clk 0:15:15]} d5
{[%clk 0:15:16]} 3. e5 {[%clk 0:15:19]} c5 {[%clk 0:15:24]} 4. c3
{[%clk 0:15:27]} Bd7 {[%clk 0:15:32]} 5. Nf3 {[%clk 0:15:22]} Qb6
{[%clk 0:15:40]} 6. a3 {[%clk 0:14:15]} Nc6 {[%clk 0:15:40]} 7. b4
{[%clk 0:14:17]} c4 {[%clk 0:15:48]} 8. a4 {[%clk 0:14:00]} f5 {[%clk 0:15:48]}
9. Be2 {[%clk 0:13:37]} Nh6 {[%clk 0:15:26]} 10. Bxh6 {[%clk 0:13:32]} gxh6
{[%clk 0:15:34]} 11. O-O {[%clk 0:13:34]} O-O-O {[%clk 0:14:57]} 12. Na3
{[%clk 0:13:15]} Rg8 {[%clk 0:15:01]} 13. Qd2 {[%clk 0:10:40]} Be8
{[%clk 0:13:47]} 14. Kh1 {[%clk 0:10:23]} Qc7 {[%clk 0:12:54]} 15. Nc2
{[%clk 0:10:06]} Qg7 {[%clk 0:11:57]} 16. Rg1 {[%clk 0:10:11]} Be7
{[%clk 0:12:05]} 17. a5 {[%clk 0:09:59]} a6 {[%clk 0:11:26]} 18. Qe1
{[%clk 0:09:31]} Na7 {[%clk 0:11:27]} 19. Ne3 {[%clk 0:09:28]} Kb8
{[%clk 0:11:04]} 20. g3 {[%clk 0:09:09]} Nb5 {[%clk 0:10:37]} 21. Ng2
{[%clk 0:09:12]} Bh5 {[%clk 0:09:17]} 22. Nf4 {[%clk 0:09:12]} Qf7
{[%clk 0:09:24]} 23. Nd2 {[%clk 0:07:48]} Bxe2 {[%clk 0:08:21]} 24. Nxe2
{[%clk 0:07:56]} f4 {[%clk 0:07:23]} 25. gxf4 {[%clk 0:07:49]} Rxg1+
{[%clk 0:07:23]} 26. Qxg1 {[%clk 0:07:49]} Rg8 {[%clk 0:07:31]} 27. Qb1
{[%clk 0:06:56]} Bh4 {[%clk 0:06:13]} 28. f5 {[%clk 0:05:53]} Qh5
{[%clk 0:04:20]} 29. Nf4 {[%clk 0:05:42]} Qg5 {[%clk 0:04:10]} 30. Qg1
{[%clk 0:05:49]} Qd8 {[%clk 0:03:03]} 31. Qf1 {[%clk 0:05:05]} Qg5
{[%clk 0:03:08]} 32. Qg2 {[%clk 0:04:08]} exf5 {[%clk 0:01:51]} 33. Nf3
{[%clk 0:03:51]} Qd8 {[%clk 0:01:35]} 34. Qh3 {[%clk 0:03:45]} Bxf2
{[%clk 0:01:40]} 35. Ne2 {[%clk 0:02:36]} Rg4 {[%clk 0:01:20]} 36. Rf1
{[%clk 0:02:17]} Be3 {[%clk 0:01:22]} 37. Ng3 {[%clk 0:02:12]} Qc8
{[%clk 0:00:28]} 38. Qh5 {[%clk 0:01:39]} f4 {[%clk 0:00:21]} 39. Nf5
{[%clk 0:01:46]} Rg5 {[%clk 0:00:18]} 40. Nxg5 {[%clk 0:01:50]} Qxf5
{[%clk 0:00:26]} 41. Qxh6 {[%clk 0:01:47]} f3 {[%clk 0:00:23]} 42. h4
{[%clk 0:00:49]} f2 {[%clk 0:00:28]} 43. Qf6 {[%clk 0:00:48]} Qg4
{[%clk 0:00:17]} 44. Rxf2 {[%clk 0:00:17]} Qxh4+ {[%clk 0:00:21]} 45. Rh2
{[%clk 0:00:17]} Qxg5 {[%clk 0:00:13]} 46. Qf8+ {[%clk 0:00:25]} Ka7
{[%clk 0:00:19]} 47. Qc5+ {[%clk 0:00:34]} Kb8 {[%clk 0:00:26]} 48. Qf8+
{[%clk 0:00:42]} Ka7 {[%clk 0:00:33]} 49. Qc5+ {[%clk 0:00:50]} Kb8
{[%clk 0:00:23]} 50. Qf8+ {[%clk 0:00:59]} Ka7 {[%clk 0:00:29]} 51. Qc5+
{[%clk 0:01:07]} 1/2-1/2

[Event "Rapid 2018"]
[Site "Saint-Petersburg"]
[Date "2018.12.28"]
[Round "13"]
[Board "54"]
[White "Tukhaev Adam (UKR)"]
[Black "Adly Ahmed (EGY)"]
[Result "1/2-1/2"]
[LiveChessVersion "1.4.8"]
[BlackElo "2630"]
[WhiteElo "2556"]

1. e4 {[%clk 0:14:41]} b6 {[%clk 0:15:20]} 2. d4 {[%clk 0:14:41]} Bb7
{[%clk 0:15:29]} 3. Bd3 {[%clk 0:14:46]} g6 {[%clk 0:15:37]} 4. Nf3
{[%clk 0:14:45]} Bg7 {[%clk 0:15:45]} 5. O-O {[%clk 0:14:48]} d6 {[%clk 0:15:54]}
6. Re1 {[%clk 0:12:57]} e6 {[%clk 0:16:02]} 7. Nbd2 {[%clk 0:13:05]} Nd7
{[%clk 0:16:08]} 8. Nf1 {[%clk 0:13:13]} Ne7 {[%clk 0:16:11]} 9. Ng3
{[%clk 0:13:18]} O-O {[%clk 0:16:06]} 10. c3 {[%clk 0:13:11]} c5 {[%clk 0:15:47]}
11. Be3 {[%clk 0:12:37]} Rc8 {[%clk 0:15:40]} 12. Qd2 {[%clk 0:12:40]} cxd4
{[%clk 0:15:06]} 13. cxd4 {[%clk 0:12:45]} Nc6 {[%clk 0:15:14]} 14. Bg5
{[%clk 0:10:12]} Qc7 {[%clk 0:14:54]} 15. Rac1 {[%clk 0:10:20]} Qb8
{[%clk 0:15:02]} 16. Bh6 {[%clk 0:10:21]} Ne7 {[%clk 0:14:13]} 17. Qg5
{[%clk 0:08:31]} Bf6 {[%clk 0:13:11]} 18. Qg4 {[%clk 0:07:54]} Rxc1
{[%clk 0:13:08]} 19. Rxc1 {[%clk 0:08:03]} Rc8 {[%clk 0:13:16]} 20. Rd1
{[%clk 0:08:10]} Nc6 {[%clk 0:12:20]} 21. Ne2 {[%clk 0:05:51]} Rc7
{[%clk 0:11:23]} 22. h4 {[%clk 0:05:54]} Bh8 {[%clk 0:11:12]} 23. Qg3
{[%clk 0:04:52]} e5 {[%clk 0:10:03]} 24. h5 {[%clk 0:05:00]} Nf6 {[%clk 0:09:26]}
25. hxg6 {[%clk 0:05:07]} hxg6 {[%clk 0:09:33]} 26. Bc4 {[%clk 0:03:35]} Ne7
{[%clk 0:08:38]} 27. dxe5 {[%clk 0:03:44]} Nxe4 {[%clk 0:06:58]} 28. Bxf7+
{[%clk 0:03:34]} Kxf7 {[%clk 0:07:07]} 29. Ng5+ {[%clk 0:03:38]} Nxg5
{[%clk 0:04:08]} 30. exd6 {[%clk 0:03:46]} Rd7 {[%clk 0:03:51]} 31. Bxg5
{[%clk 0:03:55]} Nd5 {[%clk 0:03:27]} 32. Qf3+ {[%clk 0:02:59]} Kg8
{[%clk 0:03:35]} 33. Rxd5 {[%clk 0:02:30]} Rxd6 {[%clk 0:03:37]} 34. Bf4
{[%clk 0:02:20]} Bxd5 {[%clk 0:03:17]} 35. Qa3 {[%clk 0:02:14]} Qe8
{[%clk 0:01:28]} 36. Qxd6 {[%clk 0:02:22]} Bxa2 {[%clk 0:01:35]} 37. Nd4
{[%clk 0:01:48]} Bf7 {[%clk 0:01:32]} 38. b4 {[%clk 0:01:13]} Qe1+
{[%clk 0:01:24]} 39. Kh2 {[%clk 0:01:22]} Qxf2 {[%clk 0:01:32]} 40. Qd8+
{[%clk 0:01:16]} Kh7 {[%clk 0:01:34]} 41. Nf3 {[%clk 0:01:23]} Ba1
{[%clk 0:01:05]} 42. Qe7 {[%clk 0:00:54]} Kg8 {[%clk 0:00:50]} 43. Qxa7
{[%clk 0:00:56]} Bf6 {[%clk 0:00:42]} 44. Qb8+ {[%clk 0:00:55]} Kh7
{[%clk 0:00:50]} 45. Qc7 {[%clk 0:01:00]} Kg8 {[%clk 0:00:57]} 46. Qb8+
{[%clk 0:01:01]} Kg7 {[%clk 0:01:01]} 47. Be5 {[%clk 0:00:49]} Qe3
{[%clk 0:01:10]} 48. Bxf6+ Kxf6 {[%clk 0:01:19]} 49. Qd6+ {[%clk 0:01:02]} Kf5
{[%clk 0:01:13]} 50. Kg3 {[%clk 0:01:01]} g5 {[%clk 0:01:05]} 51. Qd7+
{[%clk 0:01:02]} Kg6 {[%clk 0:01:03]} 52. Qc6+ {[%clk 0:00:32]} Kh5
{[%clk 0:01:07]} 53. Qf6 {[%clk 0:00:35]} Bd5 {[%clk 0:00:48]} 54. Qf5
{[%clk 0:00:16]} Be4 {[%clk 0:00:57]} 55. Qg4+ {[%clk 0:00:22]} Kh6
{[%clk 0:01:03]} 56. Qe6+ {[%clk 0:00:30]} Kg7 {[%clk 0:01:12]} 57. Qe5+
{[%clk 0:00:34]} Kg6 {[%clk 0:01:19]} 58. Qe6+ {[%clk 0:00:43]} Kg7
{[%clk 0:01:28]} 59. Qe7+ {[%clk 0:00:50]} Kg6 {[%clk 0:01:36]} 60. Qe8+
{[%clk 0:00:55]} Kf6 {[%clk 0:01:12]} 61. Qe5+ {[%clk 0:01:02]} Kg6
{[%clk 0:01:18]} 62. Qe6+ {[%clk 0:01:07]} Kg7 {[%clk 0:01:26]} 63. Qd7+
{[%clk 0:00:51]} Kh6 {[%clk 0:01:29]} 64. Qe6+ {[%clk 0:00:50]} Kg7
{[%clk 0:01:34]} 1/2-1/2

[Event "Rapid 2018"]
[Site "Saint-Petersburg"]
[Date "2018.12.28"]
[Round "13"]
[Board "55"]
[White "Kryakvin Dmitry (RUS)"]
[Black "Frolyanov Dmitry (RUS)"]
[Result "1-0"]
[LiveChessVersion "1.4.8"]
[BlackElo "2614"]
[WhiteElo "2529"]

1. d4 {[%clk 0:15:18]} d5 {[%clk 0:15:19]} 2. c4 {[%clk 0:15:26]} e6
{[%clk 0:15:28]} 3. Nf3 {[%clk 0:15:34]} Nf6 {[%clk 0:15:37]} 4. Bg5
{[%clk 0:15:42]} dxc4 {[%clk 0:15:44]} 5. Qa4+ {[%clk 0:15:46]} c6
{[%clk 0:15:39]} 6. Qxc4 {[%clk 0:15:52]} b5 {[%clk 0:15:41]} 7. Qc2
{[%clk 0:15:55]} Bb7 {[%clk 0:15:48]} 8. e4 {[%clk 0:15:45]} h6 {[%clk 0:15:49]}
9. Bxf6 {[%clk 0:15:29]} Qxf6 {[%clk 0:15:55]} 10. Bd3 {[%clk 0:15:23]} Nd7
{[%clk 0:15:18]} 11. O-O {[%clk 0:15:04]} e5 {[%clk 0:14:25]} 12. a4
{[%clk 0:15:01]} b4 {[%clk 0:12:56]} 13. Nbd2 {[%clk 0:13:38]} Be7
{[%clk 0:10:01]} 14. dxe5 {[%clk 0:12:30]} Nxe5 {[%clk 0:09:57]} 15. Nxe5
{[%clk 0:12:38]} Qxe5 {[%clk 0:10:06]} 16. Ba6 {[%clk 0:12:07]} Qc7
{[%clk 0:10:10]} 17. Bxb7 {[%clk 0:12:02]} Qxb7 {[%clk 0:10:18]} 18. Nc4
{[%clk 0:11:48]} c5 {[%clk 0:09:54]} 19. Rfd1 {[%clk 0:10:53]} O-O
{[%clk 0:10:00]} 20. Rd5 {[%clk 0:10:54]} Bf6 {[%clk 0:09:07]} 21. Rad1
{[%clk 0:08:37]} Bd4 {[%clk 0:07:49]} 22. Nd6 {[%clk 0:08:17]} b3
{[%clk 0:07:00]} 23. Qc4 {[%clk 0:06:30]} Qe7 {[%clk 0:06:41]} 24. Nf5
{[%clk 0:06:12]} Qxe4 {[%clk 0:06:33]} 25. Rxc5 {[%clk 0:05:48]} Rad8
{[%clk 0:01:37]} 26. Nxd4 {[%clk 0:05:46]} Rd6 {[%clk 0:01:41]} 27. g3
{[%clk 0:05:24]} Rfd8 {[%clk 0:01:29]} 28. Rc8 {[%clk 0:03:51]} Qg4
{[%clk 0:01:16]} 29. Rxd8+ {[%clk 0:03:43]} Rxd8 {[%clk 0:01:23]} 30. f3
{[%clk 0:03:21]} Qd7 {[%clk 0:00:44]} 31. Qxb3 {[%clk 0:03:22]} 1-0

[Event "Rapid 2018"]
[Site "Saint-Petersburg"]
[Date "2018.12.28"]
[Round "13"]
[Board "56"]
[White "Ghaem Maghami Ehsan (IRI)"]
[Black "Shaposhnikov Evgeny (RUS)"]
[Result "0-1"]
[LiveChessVersion "1.4.8"]
[BlackElo "2613"]
[WhiteElo "2524"]

1. d4 {[%clk 0:15:14]} Nf6 {[%clk 0:15:19]} 2. Nf3 {[%clk 0:15:23]} e6
{[%clk 0:15:26]} 3. c4 {[%clk 0:15:30]} b6 {[%clk 0:15:35]} 4. g3
{[%clk 0:15:23]} Bb4+ {[%clk 0:15:43]} 5. Bd2 {[%clk 0:15:31]} c5
{[%clk 0:15:50]} 6. Bg2 {[%clk 0:15:39]} Bb7 {[%clk 0:15:58]} 7. O-O
{[%clk 0:15:19]} O-O {[%clk 0:16:04]} 8. Bxb4 {[%clk 0:13:56]} cxb4
{[%clk 0:16:12]} 9. Qb3 {[%clk 0:14:04]} a5 {[%clk 0:16:17]} 10. a3
{[%clk 0:14:12]} Na6 {[%clk 0:16:22]} 11. Nbd2 {[%clk 0:12:53]} d6
{[%clk 0:16:28]} 12. Rfd1 {[%clk 0:12:02]} Qc7 {[%clk 0:16:29]} 13. Rac1
{[%clk 0:11:03]} Rfe8 {[%clk 0:16:15]} 14. e3 {[%clk 0:11:10]} e5
{[%clk 0:16:09]} 15. Bh3 {[%clk 0:09:36]} h6 {[%clk 0:15:02]} 16. Qc2
{[%clk 0:08:47]} Rad8 {[%clk 0:14:15]} 17. Ne1 {[%clk 0:07:28]} Qe7
{[%clk 0:12:29]} 18. Nd3 {[%clk 0:06:43]} Nh7 {[%clk 0:10:51]} 19. Bg2
{[%clk 0:04:24]} Bxg2 {[%clk 0:10:54]} 20. Kxg2 {[%clk 0:04:33]} exd4
{[%clk 0:10:07]} 21. exd4 {[%clk 0:04:38]} Qb7+ {[%clk 0:10:13]} 22. d5
{[%clk 0:04:16]} b5 {[%clk 0:08:32]} 23. axb4 {[%clk 0:04:23]} axb4
{[%clk 0:08:17]} 24. Nb3 {[%clk 0:01:57]} Ng5 {[%clk 0:05:49]} 25. h4
{[%clk 0:01:42]} bxc4 {[%clk 0:05:52]} 26. Qxc4 {[%clk 0:01:43]} Rc8
{[%clk 0:05:55]} 27. Qd4 {[%clk 0:01:17]} Re4 {[%clk 0:05:26]} 28. hxg5
{[%clk 0:00:40]} Rxd4 {[%clk 0:05:29]} 29. Rxc8+ {[%clk 0:00:46]} Qxc8
{[%clk 0:05:31]} 30. Nxd4 {[%clk 0:00:53]} Qc4 {[%clk 0:05:03]} 31. Nf3
{[%clk 0:00:35]} hxg5 {[%clk 0:04:44]} 32. Nxg5 {[%clk 0:00:43]} Qxd5+
{[%clk 0:04:47]} 33. Nf3 {[%clk 0:00:50]} Nc5 {[%clk 0:04:46]} 0-1

[Event "Rapid 2018"]
[Site "Saint-Petersburg"]
[Date "2018.12.28"]
[Round "13"]
[Board "57"]
[White "Nihal Sarin (IND)"]
[Black "Novikov Stanislav (RUS)"]
[Result "1-0"]
[LiveChessVersion "1.4.8"]
[BlackElo "2605"]
[WhiteElo "2173"]

1. e4 {[%clk 0:15:17]} g6 {[%clk 0:15:19]} 2. d4 {[%clk 0:15:16]} Bg7
{[%clk 0:15:28]} 3. Nf3 {[%clk 0:15:04]} c6 {[%clk 0:15:36]} 4. h3
{[%clk 0:14:59]} d6 {[%clk 0:15:34]} 5. c4 {[%clk 0:14:12]} Nf6 {[%clk 0:15:23]}
6. Nc3 {[%clk 0:14:20]} O-O {[%clk 0:15:30]} 7. Be3 {[%clk 0:14:22]} a6
{[%clk 0:15:01]} 8. a4 {[%clk 0:13:10]} a5 {[%clk 0:15:09]} 9. Be2
{[%clk 0:13:18]} Na6 {[%clk 0:15:10]} 10. O-O {[%clk 0:13:25]} Nd7
{[%clk 0:15:08]} 11. Qd2 {[%clk 0:13:30]} Re8 {[%clk 0:14:54]} 12. Rad1
{[%clk 0:13:35]} e5 {[%clk 0:13:40]} 13. d5 {[%clk 0:12:48]} Bf8 {[%clk 0:13:47]}
14. Ne1 {[%clk 0:11:40]} Nac5 {[%clk 0:13:37]} 15. Qc2 {[%clk 0:10:43]} Qb6
{[%clk 0:13:09]} 16. Nd3 {[%clk 0:10:38]} Qb3 {[%clk 0:12:48]} 17. Qd2
{[%clk 0:10:22]} Nxd3 {[%clk 0:08:57]} 18. Bxd3 {[%clk 0:10:16]} Nc5
{[%clk 0:09:06]} 19. f4 {[%clk 0:05:01]} Nxd3 {[%clk 0:04:18]} 20. Qxd3
{[%clk 0:05:09]} f5 {[%clk 0:03:38]} 21. c5 {[%clk 0:03:43]} dxc5
{[%clk 0:03:11]} 22. fxe5 {[%clk 0:03:50]} Rxe5 {[%clk 0:03:05]} 23. Bf4
{[%clk 0:03:56]} fxe4 {[%clk 0:02:15]} 24. Qe2 {[%clk 0:01:59]} Rf5
{[%clk 0:01:41]} 25. dxc6 {[%clk 0:01:33]} bxc6 {[%clk 0:01:29]} 26. Qxe4
{[%clk 0:01:34]} Ba6 {[%clk 0:00:49]} 27. Rf2 {[%clk 0:01:15]} Qc4
{[%clk 0:00:28]} 28. Qxc6 {[%clk 0:01:04]} Rc8 {[%clk 0:00:37]} 29. Qb6
{[%clk 0:01:01]} Bg7 {[%clk 0:00:29]} 30. Nd5 {[%clk 0:00:45]} Re8
{[%clk 0:00:14]} 31. Ne3 {[%clk 0:00:36]} Qxa4 {[%clk 0:00:19]} 32. b3
{[%clk 0:00:32]} Qb5 {[%clk 0:00:20]} 33. Qxb5 {[%clk 0:00:37]} Bxb5
{[%clk 0:00:29]} 34. Nxf5 {[%clk 0:00:45]} gxf5 {[%clk 0:00:39]} 35. Kh2
{[%clk 0:00:46]} c4 {[%clk 0:00:36]} 36. bxc4 {[%clk 0:00:29]} Bxc4
{[%clk 0:00:45]} 37. Rc1 {[%clk 0:00:29]} Bb3 {[%clk 0:00:51]} 38. Rf3
{[%clk 0:00:27]} a4 {[%clk 0:01:00]} 39. Rc7 {[%clk 0:00:34]} Kh8
{[%clk 0:00:22]} 40. Rd3 {[%clk 0:00:42]} Bg8 {[%clk 0:00:13]} 41. Ra7
{[%clk 0:00:35]} Bb3 {[%clk 0:00:14]} 42. Rdd7 {[%clk 0:00:40]} Bb2
{[%clk 0:00:23]} 43. Rxh7+ Kg8 44. Rhb7 {[%clk 0:00:39]} Bd4 {[%clk 0:00:31]} 45.
Ra5 {[%clk 0:00:48]} Rf8 {[%clk 0:00:34]} 46. Be5 {[%clk 0:00:27]} Bxe5+
{[%clk 0:00:23]} 47. Rxe5 {[%clk 0:00:36]} f4 {[%clk 0:00:29]} 48. Rg5+
{[%clk 0:00:37]} Kh8 {[%clk 0:00:38]} 49. Rh5+ {[%clk 0:00:47]} Kg8
{[%clk 0:00:48]} 50. Rg5+ {[%clk 0:00:56]} Kh8 {[%clk 0:00:57]} 51. Ra5
{[%clk 0:01:05]} Kg8 {[%clk 0:00:59]} 52. Raa7 {[%clk 0:01:13]} Re8
{[%clk 0:00:52]} 53. h4 {[%clk 0:01:17]} Bd5 {[%clk 0:00:47]} 54. Rc7
{[%clk 0:01:22]} f3 {[%clk 0:00:47]} 55. gxf3 {[%clk 0:01:19]} Bxf3
{[%clk 0:00:56]} 56. Rxa4 {[%clk 0:01:14]} Bh5 {[%clk 0:00:31]} 57. Raa7
{[%clk 0:01:16]} Re4 {[%clk 0:00:23]} 58. Rg7+ {[%clk 0:00:55]} Kf8
{[%clk 0:00:31]} 59. Rh7 {[%clk 0:01:03]} Rxh4+ {[%clk 0:00:14]} 60. Kg3
{[%clk 0:01:12]} Rg4+ {[%clk 0:00:23]} 61. Kh3 {[%clk 0:01:21]} Rg5
{[%clk 0:00:25]} 62. Rh8+ {[%clk 0:01:29]} 1-0

[Event "Rapid 2018"]
[Site "Saint-Petersburg"]
[Date "2018.12.28"]
[Round "13"]
[Board "58"]
[White "Vokhidov Shamsiddin (UZB)"]
[Black "Miton Kamil (POL)"]
[Result "1-0"]
[LiveChessVersion "1.4.8"]
[BlackElo "2590"]
[WhiteElo "2304"]

1. e4 {[%clk 0:15:10]} e6 {[%clk 0:15:17]} 2. d4 {[%clk 0:15:18]} d5
{[%clk 0:15:26]} 3. Nd2 {[%clk 0:15:25]} dxe4 {[%clk 0:15:33]} 4. Nxe4
{[%clk 0:15:34]} Bd7 {[%clk 0:15:42]} 5. Nf3 {[%clk 0:15:42]} Bc6
{[%clk 0:15:49]} 6. Bd3 {[%clk 0:15:51]} Nd7 {[%clk 0:15:56]} 7. c3
{[%clk 0:16:00]} Bxe4 {[%clk 0:15:43]} 8. Bxe4 {[%clk 0:16:08]} c6
{[%clk 0:15:52]} 9. Bf4 {[%clk 0:15:52]} Ngf6 {[%clk 0:15:54]} 10. Bc2
{[%clk 0:16:00]} g6 {[%clk 0:15:15]} 11. Qe2 {[%clk 0:15:35]} Bg7
{[%clk 0:14:56]} 12. a4 {[%clk 0:15:32]} O-O {[%clk 0:14:26]} 13. O-O
{[%clk 0:15:26]} a5 {[%clk 0:14:23]} 14. h3 {[%clk 0:15:29]} Nd5 {[%clk 0:14:07]}
15. Bg3 {[%clk 0:15:29]} Qb6 {[%clk 0:13:33]} 16. Bd3 {[%clk 0:15:30]} Rfe8
{[%clk 0:12:58]} 17. Rfe1 {[%clk 0:15:39]} N7f6 {[%clk 0:12:49]} 18. Bh2
{[%clk 0:15:04]} Bh6 {[%clk 0:12:51]} 19. Ne5 {[%clk 0:13:32]} Nf4
{[%clk 0:12:02]} 20. Qf3 {[%clk 0:13:13]} N6d5 {[%clk 0:06:18]} 21. Be4
{[%clk 0:09:05]} f5 {[%clk 0:05:52]} 22. Bxd5 {[%clk 0:07:57]} Nxd5
{[%clk 0:06:00]} 23. Re2 {[%clk 0:07:39]} Re7 {[%clk 0:05:35]} 24. Nd3
{[%clk 0:06:10]} Rae8 {[%clk 0:04:51]} 25. Rae1 {[%clk 0:06:14]} Qd8
{[%clk 0:04:52]} 26. Nc5 {[%clk 0:06:05]} b6 {[%clk 0:04:49]} 27. Nd3
{[%clk 0:05:32]} Bg7 {[%clk 0:04:51]} 28. Bg3 {[%clk 0:05:32]} Bf6
{[%clk 0:04:40]} 29. Be5 {[%clk 0:05:24]} Bxe5 {[%clk 0:04:36]} 30. Nxe5
{[%clk 0:05:33]} Qc7 {[%clk 0:04:45]} 31. h4 {[%clk 0:04:50]} c5 {[%clk 0:04:35]}
32. dxc5 {[%clk 0:04:58]} bxc5 {[%clk 0:04:37]} 33. h5 {[%clk 0:04:54]} g5
{[%clk 0:04:30]} 34. h6 {[%clk 0:05:01]} g4 {[%clk 0:04:23]} 35. Qg3
{[%clk 0:05:07]} Kh8 {[%clk 0:03:15]} 36. Qh4 {[%clk 0:04:59]} Rf8
{[%clk 0:03:06]} 37. Rd2 {[%clk 0:04:39]} Nf6 {[%clk 0:02:57]} 38. f3
{[%clk 0:04:03]} c4 {[%clk 0:01:49]} 39. Kh1 {[%clk 0:03:53]} Qb7
{[%clk 0:01:33]} 40. Qxf6+ {[%clk 0:03:27]} 1-0

[Event "Rapid 2018"]
[Site "Saint-Petersburg"]
[Date "2018.12.28"]
[Round "13"]
[Board "59"]
[White "Kovalev Vladislav (BLR)"]
[Black "Sanal Vahap (TUR)"]
[Result "1/2-1/2"]
[LiveChessVersion "1.4.8"]
[BlackElo "2476"]
[WhiteElo "2624"]

1. e4 {[%clk 0:14:14]} e5 {[%clk 0:15:17]} 2. Nf3 {[%clk 0:14:23]} Nc6
{[%clk 0:15:25]} 3. Nc3 {[%clk 0:14:33]} Nf6 {[%clk 0:15:34]} 4. h3
{[%clk 0:14:42]} d5 {[%clk 0:15:42]} 5. exd5 {[%clk 0:14:51]} Nxd5
{[%clk 0:15:50]} 6. Bb5 {[%clk 0:15:00]} Nxc3 {[%clk 0:15:51]} 7. bxc3
{[%clk 0:15:09]} Bd6 {[%clk 0:15:59]} 8. O-O {[%clk 0:15:17]} O-O
{[%clk 0:16:06]} 9. Re1 {[%clk 0:15:26]} Qf6 {[%clk 0:15:37]} 10. d3
{[%clk 0:15:35]} h6 {[%clk 0:15:41]} 11. Nd2 {[%clk 0:15:43]} Qg6
{[%clk 0:15:06]} 12. Qf3 {[%clk 0:15:52]} Bd7 {[%clk 0:15:07]} 13. Ne4
{[%clk 0:14:27]} a6 {[%clk 0:13:07]} 14. Bc4 {[%clk 0:14:23]} Na5
{[%clk 0:12:26]} 15. Bd5 {[%clk 0:14:29]} c6 {[%clk 0:11:58]} 16. Bb3
{[%clk 0:14:05]} Be7 {[%clk 0:11:11]} 17. Qg3 {[%clk 0:13:36]} Qxg3
{[%clk 0:08:07]} 18. Nxg3 {[%clk 0:13:45]} b6 {[%clk 0:08:07]} 19. d4
{[%clk 0:10:42]} Bh4 {[%clk 0:04:53]} 20. Rxe5 {[%clk 0:10:28]} Bxg3
{[%clk 0:04:57]} 21. fxg3 {[%clk 0:10:37]} Rfe8 {[%clk 0:04:50]} 22. Bf4
{[%clk 0:10:17]} Rxe5 {[%clk 0:04:34]} 23. Bxe5 {[%clk 0:10:25]} Nxb3
{[%clk 0:04:22]} 24. cxb3 {[%clk 0:08:41]} Re8 {[%clk 0:04:16]} 25. Kf2
{[%clk 0:07:40]} h5 {[%clk 0:04:18]} 26. a4 {[%clk 0:07:23]} f6 {[%clk 0:04:20]}
27. Bc7 {[%clk 0:07:29]} b5 {[%clk 0:04:29]} 28. c4 {[%clk 0:06:11]} bxc4
{[%clk 0:04:25]} 29. bxc4 {[%clk 0:06:20]} Be6 {[%clk 0:03:50]} 30. Rc1
{[%clk 0:06:18]} Kf7 {[%clk 0:03:34]} 31. a5 {[%clk 0:06:25]} Re7
{[%clk 0:03:17]} 32. Bb6 {[%clk 0:06:29]} Re8 {[%clk 0:03:21]} 33. Kf3
{[%clk 0:03:08]} Bf5 {[%clk 0:03:17]} 34. Kf2 {[%clk 0:02:51]} Be6
{[%clk 0:03:25]} 35. Rc3 {[%clk 0:03:00]} Re7 {[%clk 0:03:18]} 36. Bc5
{[%clk 0:02:59]} Re8 {[%clk 0:03:24]} 37. Ba7 {[%clk 0:02:25]} Re7
{[%clk 0:03:28]} 38. Bb6 {[%clk 0:02:34]} Re8 {[%clk 0:03:36]} 39. Kf3
{[%clk 0:02:38]} Re7 {[%clk 0:03:30]} 40. Kf4 {[%clk 0:02:38]} Re8
{[%clk 0:03:33]} 41. Bc5 {[%clk 0:02:28]} Rb8 {[%clk 0:03:11]} 42. Bb6
{[%clk 0:02:13]} Re8 {[%clk 0:03:19]} 43. Kf3 {[%clk 0:01:39]} Bf5
{[%clk 0:03:23]} 44. g4 {[%clk 0:01:31]} hxg4+ {[%clk 0:03:31]} 45. hxg4
{[%clk 0:01:41]} Be6 {[%clk 0:03:40]} 46. Kf4 {[%clk 0:01:14]} g5+
{[%clk 0:03:34]} 47. Kf3 {[%clk 0:01:23]} Rh8 {[%clk 0:03:36]} 48. Rc1
{[%clk 0:00:50]} Rh4 {[%clk 0:03:38]} 49. Kf2 {[%clk 0:00:32]} Rxg4
{[%clk 0:03:43]} 50. g3 {[%clk 0:00:40]} Re4 {[%clk 0:03:31]} 51. Re1
{[%clk 0:00:41]} Rg4 {[%clk 0:03:15]} 52. Kf3 {[%clk 0:00:34]} f5
{[%clk 0:03:24]} 53. Re5 {[%clk 0:00:37]} f4 {[%clk 0:03:06]} 54. gxf4
{[%clk 0:00:46]} Rxf4+ {[%clk 0:03:14]} 55. Ke3 {[%clk 0:00:55]} Bxc4
{[%clk 0:02:15]} 56. Rxg5 {[%clk 0:01:02]} Rh4 {[%clk 0:02:21]} 57. Bc5
{[%clk 0:00:53]} Rh3+ {[%clk 0:02:24]} 58. Kf4 {[%clk 0:00:58]} Rh1
{[%clk 0:02:16]} 59. Ke5 {[%clk 0:00:55]} Rh6 {[%clk 0:02:12]} 60. Rf5+
{[%clk 0:00:53]} Ke8 {[%clk 0:02:10]} 61. Rf8+ {[%clk 0:00:44]} Kd7
{[%clk 0:02:19]} 62. Ra8 {[%clk 0:00:48]} Re6+ {[%clk 0:02:25]} 63. Kf5
{[%clk 0:00:51]} Bd3+ {[%clk 0:02:33]} 64. Kf4 {[%clk 0:00:58]} Re4+
{[%clk 0:02:41]} 65. Kf3 {[%clk 0:01:02]} Rh4 {[%clk 0:02:43]} 1/2-1/2

[Event "Rapid 2018"]
[Site "Saint-Petersburg"]
[Date "2018.12.28"]
[Round "13"]
[Board "60"]
[White "Jones Gawain C B (ENG)"]
[Black "Khusnutdinov Rustam (KAZ)"]
[Result "1-0"]
[LiveChessVersion "1.4.8"]
[BlackElo "2530"]
[WhiteElo "2655"]

1. e4 {[%clk 0:15:19]} e6 {[%clk 0:13:49]} 2. d3 {[%clk 0:15:22]} c5
{[%clk 0:13:54]} 3. Nf3 {[%clk 0:15:30]} Nc6 {[%clk 0:14:03]} 4. g3
{[%clk 0:15:38]} Nge7 {[%clk 0:14:12]} 5. Bg2 {[%clk 0:15:44]} g6
{[%clk 0:14:21]} 6. h4 {[%clk 0:15:52]} h6 {[%clk 0:14:11]} 7. c3
{[%clk 0:15:52]} Bg7 {[%clk 0:13:38]} 8. Be3 {[%clk 0:15:34]} b6 {[%clk 0:12:38]}
9. O-O {[%clk 0:15:06]} d5 {[%clk 0:12:37]} 10. Re1 {[%clk 0:14:24]} O-O
{[%clk 0:12:03]} 11. e5 {[%clk 0:13:03]} Ba6 {[%clk 0:11:14]} 12. Bf4
{[%clk 0:12:58]} Nf5 {[%clk 0:10:43]} 13. a3 {[%clk 0:12:31]} Rc8
{[%clk 0:10:27]} 14. b4 {[%clk 0:12:31]} Qe7 {[%clk 0:07:10]} 15. Ra2
{[%clk 0:11:58]} d4 {[%clk 0:06:32]} 16. c4 {[%clk 0:11:12]} b5 {[%clk 0:06:41]}
17. g4 {[%clk 0:10:28]} Nxh4 {[%clk 0:06:08]} 18. Nxh4 {[%clk 0:10:35]} Qxh4
{[%clk 0:06:17]} 19. Bg3 {[%clk 0:10:33]} Qd8 {[%clk 0:05:26]} 20. cxb5
{[%clk 0:08:55]} Bxb5 {[%clk 0:05:31]} 21. bxc5 {[%clk 0:08:59]} Ne7
{[%clk 0:05:20]} 22. Nd2 {[%clk 0:08:21]} Nd5 {[%clk 0:03:11]} 23. Ne4
{[%clk 0:08:16]} Nc3 {[%clk 0:03:20]} 24. Nxc3 {[%clk 0:08:21]} dxc3
{[%clk 0:03:29]} 25. d4 {[%clk 0:08:12]} Qa5 {[%clk 0:03:38]} 26. Qc1
{[%clk 0:06:43]} Rfd8 {[%clk 0:03:38]} 27. Rc2 {[%clk 0:06:24]} Rxd4
{[%clk 0:03:35]} 28. Rxc3 {[%clk 0:06:33]} Bc6 {[%clk 0:03:39]} 29. Qe3
{[%clk 0:06:08]} Rd7 {[%clk 0:03:21]} 30. Rec1 {[%clk 0:05:45]} Bxg2
{[%clk 0:03:26]} 31. Kxg2 {[%clk 0:05:54]} Rc6 {[%clk 0:03:35]} 32. Bf4
{[%clk 0:04:06]} g5 {[%clk 0:03:27]} 33. Bg3 {[%clk 0:04:14]} Rd5
{[%clk 0:03:36]} 34. f4 {[%clk 0:04:17]} gxf4 {[%clk 0:03:05]} 35. Bxf4
{[%clk 0:04:26]} Qc7 {[%clk 0:03:15]} 36. R3c2 {[%clk 0:03:32]} Bxe5
{[%clk 0:02:47]} 37. Bxh6 {[%clk 0:03:37]} Bd4 {[%clk 0:02:55]} 38. Qe4
{[%clk 0:03:31]} Rdxc5 {[%clk 0:02:10]} 39. Rxc5 {[%clk 0:03:35]} Rxc5
{[%clk 0:02:19]} 40. Qxd4 {[%clk 0:03:38]} 1-0